[Event "HUN-ch U14 Girls"]
[Site "Balatonlelle"]
[Date "2019.06.28"]
[Round "7"]
[White "Buri, Petra Zsuzsanna"]
[Black "Molnar, Liza Dorottya"]
[Result "1/2-1/2"]
[WhiteElo "1634"]
[BlackElo "1559"]
[PlyCount "43"]
[EventDate "2019.06.22"]
[EventType "swiss"]
[EventRounds "7"]
[EventCountry "HUN"]
[SourceTitle "CBM 191 Extra"]
[Source "ChessBase"]
[SourceDate "2019.09.30"]
[SourceVersion "1"]
[SourceVersionDate "2019.09.30"]
[SourceQuality "1"]

1. e4 c5 2. Nf3 Nc6 3. c3 Nf6 4. e5 Nd5 5. d4 cxd4 6. cxd4 d6 7. exd6 Qxd6 8. Nc3 Bg4 9. Be2 g6 10. h3 Bxf3 11. Bxf3 Qe6+ 12. Ne2 Qd7 13. 0-0 Bg7 14. Be3 0-0 15. Qd2 Rfd8 16. Rfd1 Rac8 17. a3 e6 18. Bh6 Bh8 19. Rac1 Nde7 20. Be3 Nd5 21. Nc3 Nce7 22. Qe2 1/2-1/2

[Event "HUN-chT4 Chalupetzky 1819"]
[Site "Hunagry"]
[Date "2019.04.14"]
[Round "9.2"]
[White "Molnar, Liza Dorottya"]
[Black "Bindics, Krisztian"]
[Result "1-0"]
[WhiteElo "1582"]
[BlackElo "1264"]
[PlyCount "141"]
[EventDate "2018.10.14"]
[EventType "team-tourn"]
[EventRounds "10"]
[EventCountry "HUN"]
[SourceTitle "EXT 2020"]
[Source "ChessBase"]
[SourceDate "2019.10.17"]
[SourceVersion "1"]
[SourceVersionDate "2019.10.17"]
[SourceQuality "1"]
[WhiteTeam "Gyor Bastya"]
[BlackTeam "Fertoszentmiklos"]
[WhiteTeamCountry "HUN"]
[BlackTeamCountry "HUN"]

1. e4 c5 2. Nf3 Nc6 3. d4 cxd4 4. Nxd4 Nf6 5. Nc3 a6 6. Be2 g6 7. 0-0 Bg7 8. Be3 0-0 9. Qd2 d5 10. exd5 Nxd5 11. Nxc6 bxc6 12. Nxd5 cxd5 13. c3 e6 14. Rad1 Bb7 15. Bh6 Bxh6 16. Qxh6 Qc7 17. Rd4 f5 18. Bf3 Qg7 19. Qxg7+ Kxg7 20. Rb4 Ra7 21. c4 Rc8 22. cxd5 Bxd5 23. Bxd5 exd5 24. Rd1 Rd8 25. f3 Rd6 26. Rbd4 Rad7 27. Kf2 Kf6 28. f4 h6 29. Rc1 Re7 30. Rc5 Rde6 31. Rd2 Re4 32. g3 d4 33. Rd5 g5 34. fxg5+ hxg5 35. R5xd4 Rxd4 36. Rxd4 Ke5 37. Rd2 Rh7 38. Kf3 g4+ 39. Ke3 Rh3 40. Rf2 f4+ 41. Rxf4 Rxh2 42. Rxg4 Rxb2 43. Rg5+ Kf6 44. Ra5 Rb6 45. g4 Rd6 46. Kf4 Rd4+ 47. Kg3 Rd6 48. Kh4 Kg6 49. a4 Re6 50. Kg3 Rd6 51. Rc5 Re6 52. a5 Rd6 53. Kf4 Rd4+ 54. Kf3 Rd6 55. Ke4 Kf6 56. Rf5+ Kg6 57. Rd5 Re6+ 58. Kd4 Rc6 59. Rc5 Rd6+ 60. Ke5 Rf6 61. Kd5 Kg5 62. Rc6 Rf8 63. Rxa6 Kxg4 64. Ra7 Rf5+ 65. Ke6 Kg5 66. Ra8 Rf6+ 67. Ke7 Rc6 68. a6 Kf5 69. a7 Ke5 70. Kd7 Kd5 71. Rd8 1-0

[Event "HUN-chT2 Szechenyi 1819"]
[Site "Hungary"]
[Date "2019.01.27"]
[Round "4.12"]
[White "Molnar, Liza Dorottya"]
[Black "Suket, Mark"]
[Result "1/2-1/2"]
[WhiteElo "1542"]
[BlackElo "1781"]
[PlyCount "60"]
[EventDate "2018.10.28"]
[EventType "team-tourn"]
[EventRounds "9"]
[EventCountry "HUN"]
[SourceTitle "EXT 2021"]
[Source "ChessBase"]
[SourceDate "2020.10.23"]
[SourceVersion "1"]
[SourceVersionDate "2020.10.23"]
[SourceQuality "1"]
[WhiteTeam "Gyor Elektromos"]
[BlackTeam "Keszthely Spartacus"]
[WhiteTeamCountry "HUN"]
[BlackTeamCountry "HUN"]

1. e4 e5 2. Nf3 Nc6 3. d4 exd4 4. Nxd4 Bc5 5. Nb3 Bb6 6. Nc3 Nge7 7. Na4 0-0 8. Nxb6 axb6 9. Be3 d5 10. Bd3 Nb4 11. a3 Nxd3+ 12. cxd3 Be6 13. Nd4 c5 14. Nxe6 fxe6 15. 0-0 Ng6 16. f4 Qe7 17. Qb3 Qd6 18. g3 Ne7 19. Rac1 Rac8 20. Rfd1 d4 21. Bd2 Kh8 22. Qb5 Qc6 23. Qxc6 bxc6 24. Rc4 Ra8 25. Bc1 Rfc8 26. b3 Rd8 27. Bb2 Nc8 28. b4 Nd6 29. Rc2 Nb7 30. Rc4 Nd6 1/2-1/2

[Event "HUN-chT2 Szechenyi 1819"]
[Site "Hungary"]
[Date "2018.12.02"]
[Round "3.12"]
[White "Nyuli, Leila"]
[Black "Molnar, Liza Dorottya"]
[Result "1/2-1/2"]
[WhiteElo "1225"]
[BlackElo "1542"]
[PlyCount "87"]
[EventDate "2018.10.28"]
[EventType "team-tourn"]
[EventRounds "9"]
[EventCountry "HUN"]
[SourceTitle "EXT 2021"]
[Source "ChessBase"]
[SourceDate "2020.10.23"]
[SourceVersion "1"]
[SourceVersionDate "2020.10.23"]
[SourceQuality "1"]
[WhiteTeam "Haladas Szombathely III"]
[BlackTeam "Gyor Elektromos"]
[WhiteTeamCountry "HUN"]
[BlackTeamCountry "HUN"]

1. e4 c5 2. Nf3 a6 3. d4 cxd4 4. Nxd4 Nf6 5. Nc3 e5 6. Nf3 Bb4 7. Qd3 d5 8. Bd2 d4 9. Nb1 Qe7 10. c3 dxc3 11. Bxc3 Nc6 12. g3 0-0 13. Bg2 Rd8 14. Qc2 Nd4 15. Nxd4 exd4 16. Bxb4 Qxb4+ 17. Qd2 Qe7 18. Qd3 Bd7 19. Nd2 Bb5 20. Qf3 Re8 21. a4 Bc6 22. 0-0 Nxe4 23. Qd3 Nxd2 24. Qxd2 Bxg2 25. Kxg2 Qe4+ 26. Kg1 Rad8 27. Rfd1 Qe2 28. Qb4 d3 29. Qxb7 d2 30. Qg2 Qd3 31. Qf1 Qc2 32. b4 Rd6 33. b5 Rde6 34. bxa6 Ra8 35. Rdb1 g6 36. Qd1 Qd3 37. Qf1 Qd6 38. Rd1 Qd7 39. Qb5 Qd8 40. Qb4 Rexa6 41. Rxd2 Qe8 42. Rda2 Qc6 43. a5 Qd5 44. Qc3 1/2-1/2

[Event "HUN-chT4 Chalupetzky 1718"]
[Site "Hungary"]
[Date "2018.01.21"]
[Round "5.1"]
[White "Molnar, Liza Dorottya"]
[Black "Szabo, Richard1111"]
[Result "1-0"]
[WhiteElo "1404"]
[BlackElo "1400"]
[PlyCount "117"]
[EventDate "2017.10.15"]
[EventType "team-tourn"]
[EventRounds "7"]
[EventCountry "HUN"]
[SourceTitle "EXT 2019"]
[Source "ChessBase"]
[SourceDate "2018.10.10"]
[SourceVersion "1"]
[SourceVersionDate "2018.10.10"]
[SourceQuality "1"]
[WhiteTeam "Gyor Bastya"]
[BlackTeam "Gyor Szechenyi II"]
[WhiteTeamCountry "HUN"]
[BlackTeamCountry "HUN"]

1. e4 d6 2. d4 Nf6 3. Nc3 a6 4. Nf3 Bg4 5. Be2 Bh5 6. 0-0 c6 7. Re1 Bg6 8. e5 Nd5 9. Nxd5 cxd5 10. Bf4 e6 11. Qd2 Nc6 12. c3 h6 13. Bg3 Be7 14. exd6 Bxd6 15. Bxd6 Qxd6 16. Ne5 Nxe5 17. dxe5 Qc6 18. Bf3 b5 19. Rac1 0-0 20. Red1 Rad8 21. Qe2 Qc7 22. Rd4 Rc8 23. a4 Qb6 24. Rcd1 Rc4 25. axb5 axb5 26. Qd2 Ra8 27. Be2 Rca4 28. h3 Qb8 29. f4 Rxd4 30. Qxd4 Ra4 31. Qf2 Ra2 32. Bf1 b4 33. Rd2 b3 34. Bd3 Ra1+ 35. Kh2 Bxd3 36. Rxd3 Qb5 37. Rd4 Rf1 38. Qd2 Qa6 39. Rb4 Qa7 40. Rxb3 g6 41. Rb4 Qg1+ 42. Kg3 Rd1 43. Qe2 Re1 44. Qd2 Rf1 45. Qd4 Qh1 46. Qa7 Ra1 47. Rb8+ Kg7 48. Qf2 Qb1 49. b4 Ra2 50. Qe3 Qf1 51. Qf3 Qe1+ 52. Kh2 Rf2 53. Qg3 Qd2 54. b5 Rxf4 55. b6 Ra4 56. b7 Qa2 57. Rc8 Rc4 58. Rxc4 Qb3 59. Rb4 1-0

[Event "HUN-chT4 Chalupetzky 1718"]
[Site "Hungary"]
[Date "2017.11.19"]
[Round "3.2"]
[White "Molnar, Liza Dorottya"]
[Black "Kadi, Richard"]
[Result "1/2-1/2"]
[WhiteElo "1404"]
[BlackElo "1808"]
[PlyCount "142"]
[EventDate "2017.10.15"]
[EventType "team-tourn"]
[EventRounds "7"]
[EventCountry "HUN"]
[SourceTitle "EXT 2019"]
[Source "ChessBase"]
[SourceDate "2018.10.10"]
[SourceVersion "1"]
[SourceVersionDate "2018.10.10"]
[SourceQuality "1"]
[WhiteTeam "Gyor Bastya"]
[BlackTeam "Gyor Szechenyi"]
[WhiteTeamCountry "HUN"]
[BlackTeamCountry "HUN"]

1. e4 d5 2. exd5 Nf6 3. Nf3 Nxd5 4. d4 c6 5. c4 Nf6 6. b3 Bg4 7. Bb2 e6 8. Be2 Bb4+ 9. Bc3 Qa5 10. Qd2 Bxc3 11. Qxc3 Qc7 12. Nbd2 Nbd7 13. 0-0 0-0 14. Rfe1 Rad8 15. Ne5 Bxe2 16. Rxe2 c5 17. Nxd7 Rxd7 18. dxc5 Qxc5 19. Nf3 Rfd8 20. Ree1 Ng4 21. Rf1 Rd3 22. Qc1 Qd6 23. Qg5 f5 24. h3 h6 25. Qc1 Nf6 26. Re1 Ne4 27. Re3 Nc3 28. Qe1 Ne4 29. Qe2 Rxe3 30. Qxe3 b6 31. Re1 Kf7 32. Qe2 g5 33. Qb2 Nf6 34. Ne5+ Kg7 35. Qa1 Qc5 36. Qb2 a5 37. a3 Qd4 38. Qc2 Qd2 39. Qxd2 Rxd2 40. b4 axb4 41. axb4 Ne4 42. f3 Kf6 43. Nd7+ Rxd7 44. fxe4 Rd4 45. exf5 exf5 46. Rc1 Ke7 47. Rc2 Kd6 48. Kf2 Rd3 49. Ra2 Rb3 50. c5+ Kc6 51. Ra8 Rxb4 52. cxb6 Rxb6 53. Rf8 f4 54. Rf6+ Kc5 55. Rxb6 Kxb6 56. Kf3 h5 57. Ke4 Kc5 58. Kf5 Kd4 59. Kxg5 Ke3 60. h4 Ke4 61. Kf6 Kd4 62. Kf5 Ke3 63. Ke5 f3 64. gxf3 Kxf3 65. Kf5 Ke3 66. Kg5 Ke4 67. Kxh5 Kf5 68. Kh6 Kf6 69. h5 Kf7 70. Kh7 Kf8 71. Kg6 Kg8 1/2-1/2

[Event "HUN-chT4 Chalupetzky 1718"]
[Site "Hungary"]
[Date "2017.11.05"]
[Round "2.3"]
[White "Molnar, Liza Dorottya"]
[Black "Halmai, Florian"]
[Result "1-0"]
[WhiteElo "1404"]
[BlackElo "1446"]
[PlyCount "127"]
[EventDate "2017.10.15"]
[EventType "team-tourn"]
[EventRounds "7"]
[EventCountry "HUN"]
[SourceTitle "EXT 2019"]
[Source "ChessBase"]
[SourceDate "2018.10.10"]
[SourceVersion "1"]
[SourceVersionDate "2018.10.10"]
[SourceQuality "1"]
[WhiteTeam "Gyor Bastya"]
[BlackTeam "Lovo"]
[WhiteTeamCountry "HUN"]
[BlackTeamCountry "HUN"]

1. e4 c6 2. d4 d5 3. exd5 cxd5 4. Nf3 Bf5 5. Bd3 Bxd3 6. Qxd3 e6 7. 0-0 Be7 8. c3 Nf6 9. Bf4 Nc6 10. Nbd2 0-0 11. h3 a6 12. Rfe1 b5 13. Ne5 Qc7 14. Ng6 Bd6 15. Bxd6 Qxd6 16. Nxf8 Rxf8 17. Nf3 h6 18. Ne5 Ne4 19. Nxc6 Qxc6 20. Re2 Qc7 21. Rf1 Qd6 22. f4 f5 23. Qf3 Rf6 24. Rc2 Rg6 25. Rfc1 Rg3 26. Qf1 Qe7 27. Rd1 Qh4 28. Rd3 Qxh3 29. Rxg3 Qxg3 30. Re2 Qh4 31. Qf3 Ng3 32. Re1 Ne4 33. Rd1 Nd2 34. Qf2 Qxf2+ 35. Kxf2 Ne4+ 36. Kf3 Kf7 37. Rc1 Kf6 38. b3 g5 39. g3 g4+ 40. Kg2 h5 41. c4 dxc4 42. bxc4 b4 43. c5 Ke7 44. Rb1 a5 45. a3 Nc3 46. Rb3 a4 47. Rxb4 Kd7 48. Rc4 Nd5 49. Rxa4 Nc3 50. Rb4 Nd5 51. Rb3 Kc6 52. a4 Nc7 53. a5 Nb5 54. Rb4 Nc7 55. Rb6+ Kd5 56. a6 Kxd4 57. a7 Kxc5 58. Rb8 Kc6 59. a8Q+ Nxa8 60. Rxa8 Kd6 61. Rh8 e5 62. fxe5+ Kxe5 63. Rxh5 Ke4 64. Rh8 1-0

[Event "HUN-chT4 1617"]
[Site "Hungary"]
[Date "2017.01.15"]
[Round "4.4"]
[White "Torok, Attila"]
[Black "Molnar, Liza Dorottya"]
[Result "0-1"]
[WhiteElo "1670"]
[BlackElo "1333"]
[PlyCount "94"]
[EventDate "2016.10.02"]
[EventType "team-tourn"]
[EventRounds "7"]
[EventCountry "HUN"]
[SourceTitle "EXT 2019"]
[Source "ChessBase"]
[SourceDate "2018.10.10"]
[SourceVersion "1"]
[SourceVersionDate "2018.10.10"]
[SourceQuality "1"]

1. e4 c5 2. Nf3 Nc6 3. d4 cxd4 4. Nxd4 g6 5. Nc3 Bg7 6. Be3 Nf6 7. f3 0-0 8. Qd2 Re8 9. 0-0-0 a6 10. Nb3 d6 11. g4 b5 12. h4 Ne5 13. Be2 Nc4 14. Bxc4 bxc4 15. Nd4 Qc7 16. Nd5 Nxd5 17. exd5 Qb7 18. Bh6 c3 19. bxc3 Rb8 20. Nb3 Bh8 21. Qd3 Bd7 22. Kd2 Rbc8 23. c4 Qb4+ 24. c3 Qxc4 25. Qxc4 Rxc4 26. Rc1 Rec8 27. Rhe1 Bxc3+ 28. Rxc3 Rxc3 29. Rxe7 Ba4 30. Nd4 R3c7 31. Re4 Bc2 32. Re3 Rc5 33. Nc6 Rxd5+ 34. Kxc2 Rxc6+ 35. Kb2 Rb5+ 36. Ka3 Rb8 37. Rb3 Rxb3+ 38. Kxb3 f5 39. Bf4 fxg4 40. fxg4 Kf7 41. g5 Ke6 42. Bg3 d5 43. a4 d4 44. Be1 Ke5 45. Kb4 Ke4 46. Bd2 Kd3 47. Bf4 Ke2 0-1

[Event "HUN-chT4 1617"]
[Site "Hungary"]
[Date "2016.12.04"]
[Round "3.1"]
[White "Molnar, Liza Dorottya"]
[Black "Kocsis, Tihamer"]
[Result "1/2-1/2"]
[WhiteElo "1316"]
[BlackElo "1742"]
[PlyCount "64"]
[EventDate "2016.10.02"]
[EventType "team-tourn"]
[EventRounds "7"]
[EventCountry "HUN"]
[SourceTitle "EXT 2019"]
[Source "ChessBase"]
[SourceDate "2018.10.10"]
[SourceVersion "1"]
[SourceVersionDate "2018.10.10"]
[SourceQuality "1"]

1. e4 d5 2. exd5 Nf6 3. c4 e6 4. dxe6 Bxe6 5. Nf3 Nc6 6. d4 Bf5 7. a3 Bd6 8. Be2 Qd7 9. 0-0 h5 10. Re1 0-0-0 11. Nc3 Ng4 12. Nb5 a6 13. Nxd6+ Qxd6 14. d5 Qc5 15. Rf1 f6 16. b4 Qf8 17. Qb3 Nce5 18. b5 a5 19. b6 c6 20. Bd2 h4 21. h3 Qd6 22. Nxe5 Nxe5 23. Bxa5 g5 24. dxc6 Qxc6 25. c5 Be6 26. Qb4 Nd3 27. Qc3 Nf4 28. Bf3 Bd5 29. Bxd5 Qxd5 30. Qf3 Qxf3 31. gxf3 Rd3 32. Rfe1 Nxh3+ 1/2-1/2